Kultura protestu a politizace každodennosti
Gespeichert in:
| 1. Verfasser: | |
|---|---|
| Format: | Buch |
| Sprache: | Tschechisch |
| Veröffentlicht: |
Brno
Centrum pro studium demokracie a kultury
2003
|
| Schriftenreihe: | Sociologická řada
svazek 1 |
| Schlagworte: | |
| Tags: |
Keine Tags, Fügen Sie das erste Tag hinzu!
|
MARC
| LEADER | 00000nam$a2200000$$$4500 | ||
|---|---|---|---|
| 001 | 0023127 | ||
| 005 | 20240306141453.2 | ||
| 020 | |a 80-7325-027-6 | ||
| 041 | 0 | |a cze | |
| 044 | |a CZ | ||
| 245 | 1 | 0 | |a Kultura protestu a politizace každodennosti |c Radim Marada |
| 264 | 1 | |a Brno |b Centrum pro studium demokracie a kultury |c 2003 | |
| 300 | |a 217 s. | ||
| 490 | 1 | |a Sociologická řada |v svazek 1 | |
| 830 | 0 | |a Sociologická řada |v svazek 1 | |
| 610 | 2 | 0 | |a kultúra |
| 610 | 2 | 0 | |a politika |
| 610 | 2 | 0 | |a socializácia |
| 610 | 2 | 0 | |a správanie sociálne |
| 610 | 2 | 0 | |a identita |
| 610 | 2 | 0 | |a konflikty |
| 610 | 2 | 0 | |a sociológia |
| 610 | 2 | 0 | |a mládež |
| 610 | 2 | 0 | |a triedy spoločenské |
| 100 | 1 | |a Marada, Radim | |